Giáo dục học đại cương Giáo trình đào tạo giáo viên Trung học cơ sở hệ Cao đẳng sư phạm

Shranjeno v:
Bibliografske podrobnosti
Glavni avtor: Nguyễn Sinh Huy
Drugi avtorji: Nguyễn Văn Lê (Tác giả)
Format: Knjiga
Jezik:Vietnamese
Izdano: H. giáo dục 1998
Serija:Bộ Giáo dục và Đào tạo
Teme:
Oznake: Označite
Brez oznak, prvi označite!
Thư viện lưu trữ: Mạng thư viện Đại học Đà Nẵng
LEADER 01273nam a2200349 4500
001 000015268
003 11644
005 20170328080340.0
008 120524s1998 viesd
020 |c 7300đ 
041 0 |a vie 
082 |a 378  |b NG-H 
100 0 |a Nguyễn Sinh Huy 
245 0 |a Giáo dục học đại cương  |b Giáo trình đào tạo giáo viên Trung học cơ sở hệ Cao đẳng sư phạm  |c Nguyễn Sinh Huy; Nguyễn Văn Lê 
260 |a H.  |b giáo dục  |c 1998 
300 |a 167 tr  |c 20 cm 
490 |a Bộ Giáo dục và Đào tạo 
500 |a Tài liệu biên soạn theo chương trình chi tiết, đã được Vụ Đại học thông qua 
653 |a Giáo dục học 
653 |a Đại cương 
653 |a giáo trình 
700 |a Nguyễn Văn Lê  |e Tác giả 
OWN |a LSP 
AVA |a UDN50  |b LSP  |d 378 NG-H  |e available  |t Error 5001 Not defined in file expand_doc_bib_avail.  |f 5  |g 1  |h N  |i 0  |k 1 
999 |a From the UDN01 
AVA |a UDN50  |b LSP  |d 378 NG-H  |e available  |t Error 5001 Not defined in file expand_doc_bib_avail.  |f 5  |g 1  |h N  |i 0  |k 1 
TYP |a Monograph 
TYP |a Printed language 
980 |a Mạng thư viện Đại học Đà Nẵng